Cross-discipline design deliverables for BIM (Record no. 114011)
[ view plain ]
| 000 -LEADER | |
|---|---|
| fixed length control field | 00993cad a22002295a 4500 |
| 001 - CONTROL NUMBER | |
| control field | L156065 |
| 008 - FIXED-LENGTH DATA ELEMENTS--GENERAL INFORMATION | |
| fixed length control field | 120427u2011 xxk g 000 0 eng d |
| 035 ## - SYSTEM CONTROL NUMBER | |
| System control number | (Sirsi) u156065 |
| 041 0# - LANGUAGE CODE | |
| Language code of text/sound track or separate title | eng |
| 100 1# - MAIN ENTRY--PERSONAL NAME | |
| Personal name | Churcher, David |
| 110 2# - MAIN ENTRY--CORPORATE NAME | |
| Corporate name or jurisdiction name as entry element | Construction Project Information Committee |
| 9 (RLIN) | 3694 |
| 245 00 - TITLE STATEMENT | |
| Title | Cross-discipline design deliverables for BIM |
| Remainder of title | phase 1 report |
| Medium | [electronic resource] |
| 520 ## - SUMMARY, ETC. | |
| Summary, etc. | CPI undertook a project to identify the differences between plans of work in the construction industry. This strategy document now forms the basis of the work to map the plans of work against the CIC plan of work and to define the data drops at the different stages. |
| 590 ## - LOCAL NOTE (RLIN) | |
| Local note | KA |
| 651 #4 - SUBJECT ADDED ENTRY--GEOGRAPHIC NAME | |
| Geographic name | United Kingdom |
| Chronological subdivision | |
| 690 ## - LOCAL SUBJECT ADDED ENTRY--TOPICAL TERM (OCLC, RLIN) | |
| Topical term or geographic name as entry element | BIM |
| 9 (RLIN) | 6219 |
| 700 1# - ADDED ENTRY--PERSONAL NAME | |
| Personal name | Richards, Mervyn |
| 710 1# - ADDED ENTRY--CORPORATE NAME | |
| Corporate name or jurisdiction name as entry element | Hitherwood Consulting Ltd |
| 710 1# - ADDED ENTRY--CORPORATE NAME | |
| Corporate name or jurisdiction name as entry element | MR1 Consulting Ltd |
| 856 40 - ELECTRONIC LOCATION AND ACCESS | |
| Uniform Resource Identifier | <a href="https://www.cpic.org.uk/en/bim/deliverables-strategy.cfm">https://www.cpic.org.uk/en/bim/deliverables-strategy.cfm</a> |
| Public note | View the website free of charge at www.cpic.org.uk |
| 942 ## - ADDED ENTRY ELEMENTS (KOHA) | |
| Suppress in OPAC | 0 |
| Withdrawn status | Lost status | Source of classification or shelving scheme | Damaged status | Not for loan | Home library | Current library | Shelving location | Date acquired | Total Checkouts | Full call number | Barcode | Date last seen | Copy number | Price effective from | Koha item type |
|---|---|---|---|---|---|---|---|---|---|---|---|---|---|---|---|
| Dewey Decimal Classification | Virtual | Virtual | Online | 27/04/2012 | ONLINE PUBLICATION | 156065-2001 | 06/08/2019 | 1 | 06/08/2019 | Book |